000 00437nam a2200181Ia 4500
001 22597
005 20260414150841.0
008 260414t2007||||xx |||||||||||||| ||spa||
041 _aESP
082 _a621.38212
_bF75 2007
100 _aForouzan, Behrouz A.
_eAUT
245 0 _aTC/IP Protocol suite
_b
260 _c2007
300 _axxxii, 866 páginas :
_c23 cm.
650 _aTCA
654 _aCET
942 _cLIB
_dJUS
_fJUS
_2ddc
_n
999 _c22597
_d22597